ARRUPE JESUIT UNIVERSITY

CORONAVIRUS -STOP THE SPREAD - CLEAN,DISINFECT,COVER

Profiles and critiques in social theory / (Record no. 129728)

MARC details
000 -LEADER
fixed length control field 01006pam a2200301 a 4500
001 - CONTROL NUMBER
control field 2333354
003 - CONTROL NUMBER IDENTIFIER
control field ARRUPE
005 - DATE AND TIME OF LATEST TRANSACTION
control field 20190820105454.0
008 - FIXED-LENGTH DATA ELEMENTS--GENERAL INFORMATION
fixed length control field 821007s1982 cau b s001 0 eng
010 ## - LIBRARY OF CONGRESS CONTROL NUMBER
LC control number 82020231
020 ## - INTERNATIONAL STANDARD BOOK NUMBER
International Standard Book Number 0520049330
020 ## - INTERNATIONAL STANDARD BOOK NUMBER
International Standard Book Number 0520049640 (pbk.)
040 ## - CATALOGING SOURCE
Original cataloging agency DLC
Transcribing agency DLC
Modifying agency DLC
050 00 - LIBRARY OF CONGRESS CALL NUMBER
Classification number HM24
Item number .G4483 1982
082 00 - DEWEY DECIMAL CLASSIFICATION NUMBER
Classification number 301/.01
Edition number 19
300 ## - PHYSICAL DESCRIPTION
Dimensions 23 cm.
100 1# - MAIN ENTRY--PERSONAL NAME
Personal name Giddens, Anthony.
9 (RLIN) 2562
245 10 - TITLE STATEMENT
Title Profiles and critiques in social theory /
Statement of responsibility, etc Anthony Giddens ; chapter 2 contributed by Fred Dallmayr.
260 ## - PUBLICATION, DISTRIBUTION, ETC. (IMPRINT)
Place of publication, distribution, etc London :
Name of publisher, distributor, etc The McMillan Press,
Date of publication, distribution, etc c1982.
300 ## - PHYSICAL DESCRIPTION
Extent xi, 239 p. ;
440 ## - SERIES STATEMENT/ADDED ENTRY--TITLE
Title Contemporary social theory
9 (RLIN) 47864
504 ## - BIBLIOGRAPHY, ETC. NOTE
Bibliography, etc Includes bibliographical references and index.
650 #0 - SUBJECT ADDED ENTRY--TOPICAL TERM
Topical term or geographic name as entry element Sociology
General subdivision Philosophy.
9 (RLIN) 13582
650 #0 - SUBJECT ADDED ENTRY--TOPICAL TERM
Topical term or geographic name as entry element Hermeneutics.
9 (RLIN) 47865
650 #0 - SUBJECT ADDED ENTRY--TOPICAL TERM
Topical term or geographic name as entry element Positivism.
9 (RLIN) 2396
650 #0 - SUBJECT ADDED ENTRY--TOPICAL TERM
Topical term or geographic name as entry element Social structure.
9 (RLIN) 2429
650 #0 - SUBJECT ADDED ENTRY--TOPICAL TERM
Topical term or geographic name as entry element Political sociology.
9 (RLIN) 41871
700 1# - ADDED ENTRY--PERSONAL NAME
Personal name Dallmayr, Fred R.
Fuller form of name (Fred Reinhard),
Dates associated with a name 1928-
9 (RLIN) 47866
906 ## - LOCAL DATA ELEMENT F, LDF (RLIN)
a 7
b cbc
c orignew
d 1
e ocip
f 19
g y-gencatlg
942 ## - ADDED ENTRY ELEMENTS (KOHA)
Source of classification or shelving scheme Library of Congress Classification
Koha item type Monograph ( Printed materials)
Holdings
Withdrawn status Lost status Source of classification or shelving scheme Damaged status Not for loan Collection code Home library Current library Shelving location Date acquired Total Checkouts Full call number Barcode Date last seen Date checked out Price effective from Koha item type
    Library of Congress Classification     Main Collection ARRUPE LIBRARY ARRUPE LIBRARY Main Collection 20/08/2019 1 HM24 .G4483 1982 46600004968 25/11/2019 22/10/2019 20/08/2019 Monograph ( Printed materials)

 

Arrupe Library. PO Box MP320 Mt Pleasant, Harare, Zimbabwe
263 242 745411|librarian@aju.ac.zw